Význam vzdelávania v komunikačných zručnostiach

Podrobná bibliografia
Hlavný autor: Baková, Daniela (Autor)
Médium: Článok
Jazyk:slovenčina
ISBN:9788022330756

MARC

LEADER 00000naa a2200000uu 4500
001 vtls010931452
003 SK-MaSNL
005 20260302122229.0
008 210902|2011 xo |||||||||||||||||slo|
015 |a SNBRA 
035 |a (urnnbn)urn:nbn:sk:snk:ar-a0b45c 
035 |a (uuid)ff8641e2-921f-49fb-9b9a-9bcc43172980 
035 |a urn:nbn:sk:snk-aatwn4 
040 |a SNKBUCL  |b slo  |c SNKBUCL  |e AACR2 
041 0 |a slo 
044 |a xo  |c SK 
100 1 |a Baková, Daniela  |4 aut  |9 337826 
245 1 0 |a Význam vzdelávania v komunikačných zručnostiach  |c Daniela Baková 
246 3 |a Importance of training in communication skills 
773 0 |t Realita a vízia sociálnej práce  |d Bratislava : Univerzita Komenského, 2011  |g S. [20]-25  |z 9788022330756 
958 |a OND 
958 |a article11 
958 |a chapter 
999 |c 1277113  |d 1279043